=LDR 00000nam 2200000 4500 =001 INLIS000000000033542 =005 20130612135506 =008 ***********************************ind** =035 ##$$0010-061300000033542 =041 ##$$a ind =082 ##$$a 923.7 =090 ##$$a 923.7, Bai,e =100 ##$$a Baihaqi,MIF =245 ##$$a Ensiklopesi Tokoh Pendidikan dari Abendanon Hingga K.H.Iman Zarkasyi, MIF.Baihaqi ; Editor, Agus Salim =260 ##$$a 2008 $b Bandung =300 ##$$a 155 hlm., Illus, 21 cm =650 ##$$a Biografi Pendidikan =700 ##$$a Salim, Agus =850 ##$$a NBPNMAT